Biblioteca

The Oxford encyclopedia of biblical interpretation (Registro nro. 64877)

Detalles MARC
000 -LÍDER
Campo fijo de descripción fija 01642nam a22004334i 4500
001 - NÚMERO DE CONTROL
Campo de control 17551656
003 - IDENTIFICADOR DEL NÚMERO DE CONTROL
Campo de control CO-MdFUSB
005 - FECHA Y HORA DE LA ULTIMA TRANSACCIÓN
control field 20190311162850.0
008 - ELEMENTOS DE LONGITUD FIJA -- INFORMACIÓN GENERAL
Campo fijo de descripción fija -- Información general 121206s2013 enk e 001 0 eng
010 ## - NÚMERO DE CONTROL DE LA BIBLIOTECA DEL CONGRESO
Número de control LC 2012041156
020 ## - NÚMERO INTERNACIONAL NORMALIZADO PARA LIBROS
Número Internacional Normalizado del libro 9780199832262 (set : alk. paper)
020 ## - NÚMERO INTERNACIONAL NORMALIZADO PARA LIBROS
Número Internacional Normalizado del libro 9780199993352 (v. 1 : alk. paper)
020 ## - NÚMERO INTERNACIONAL NORMALIZADO PARA LIBROS
Número Internacional Normalizado del libro 9780199993369 (v. 2 : alk. paper)
040 ## - FUENTE DE CATALOGACIÓN
Agencia de catalogación original DLC
Idioma de catalogación eng
Convenciones de la descripción rda
Agencia que realiza la modificación DLC
Agencia que realiza la transcripción CO-MdFUSB
041 ## - CÓDIGO DE IDIOMA
Código de idioma para texto/pista de sonido o título separado eng
042 ## - AUTHENTICATION CODE
Authentication code pcc
082 00 - NÚMERO DE CLASIFICACIÓN DECIMAL DEWEY
Número de clasificación 220.3
Número de la edición del Dewey 23
Clave de autor-Numero de item OX98
245 04 - TÍTULO
Título del Material The Oxford encyclopedia of biblical interpretation
Mención de responsabilidad, etc. / Steven McKenzie editor general
264 #1 - PRODUCCIÓN, PUBLICACIÓN, DISTRIBUCIÓN, MANUFACTURA, Y COPYRIGHT
Lugar de producción, publicación, distribución, manufactura Oxford :
Nombre del productor, publicador, distribuidor Oxford University Press,
Fecha de producción, publicación, distribución, manufactura, o copyright [2013]
264 #4 - PRODUCCIÓN, PUBLICACIÓN, DISTRIBUCIÓN, MANUFACTURA, Y COPYRIGHT
Fecha de producción, publicación, distribución, manufactura, o copyright ©2013
300 ## - DESCRIPCIÓN FÍSICA
Extensión 2 volúmenes ;
Dimensiones 29 cm
336 ## - TIPO DE CONTENIDO
Término de tipo de contenido texto
Fuente rdacontent
Código de tipo de contenido txt
337 ## - TIPO DE MEDIO
Nombre del tipo de medio sin mediación
Fuente rdamedia
Código del tipo de medio n
338 ## - TIPO DE SOPORTE
Nombre del tipo de soporte volumen
Fuente rdacarrier
Código Tipo de soporte nc
500 ## - NOTA GENERAL
Nota General Incluye índices
505 ## - NOTA DE CONTENIDO
Título Volumen 1.
Nota de contenido con formato preestablecido Interpretación afroamericana -- Crítica materialista
505 ## - NOTA DE CONTENIDO
Título Volumen 2.
Nota de contenido con formato preestablecido Teoría de la metáfora y textos bíblicos-Interpretación feminista -- Resumen de contenidos por temas -- Directorio de contribuyentes -- Índice.
563 ## - NOTA DE ENCUADERNACIÓN
Nota de encuadernación Tapa dura
630 #7 - TITULO UNIFORME
Título uniforme Biblia.
Subdivisión de materia general Crítica, interpretación, etc.
Subdivisión de forma Enciclopedias.
650 #7 - ASIENTO SECUNDARIO DE MATERIA - TERMINO TEMÁTICO
9 (RLIN) 418
Término temático o nombre geográfico como elemento de entrada Hermenéutica
Subdivisión de forma Enciclopedias.
700 1# - ASIENTO SECUNDARIO - NOMBRE PERSONAL
Nombre personal McKenzie, Steven L.,
Fechas asociadas con el nombre 1953-
Responsabilidad editor general
906 ## - LOCAL DATA ELEMENT F, LDF (RLIN)
a 7
b cbc
c orignew
d 1
e ecip
f 20
g y-gencatlg
942 ## - TIPO DE MATERIAL (KOHA)
Tipo de Item KOHA Libros de Referencia
Existencias
Estado de Material Estado de Perdido Forma de Clasificación Estado de Dañado No para Préstamo Colección Biblioteca de Origen Biblioteca Permanente Fecha de Adquisición Total de Préstamos Signatura Topográfica Código de Barras Última vez visto Ejemplar/Existencia Fecha de Remplazo Tipo de Material
    Dewey Decimal Classification     Colección de Referencia Biblioteca FUSBC Biblioteca FUSBC 08/03/2019   R 220.3 OX98o 21106 22/07/2024 Vol. 1, ej. 1 08/03/2019 Libros de Referencia
    Dewey Decimal Classification     Colección de Referencia Biblioteca FUSBC Biblioteca FUSBC 08/03/2019   R 220.3 OX98o 21107 27/02/2024 Vol. 2, ej. 1 08/03/2019 Libros de Referencia
    Dewey Decimal Classification     Colección de Referencia Biblioteca FUSBC Biblioteca FUSBC 08/03/2019   R 220.3 OX98o 24863 13/05/2023 Vol. 1, ej. 2 08/03/2019 Libros de Referencia
    Dewey Decimal Classification     Colección de Referencia Biblioteca FUSBC Biblioteca FUSBC 08/03/2019   R 220.3 OX98o 24864 03/04/2024 Vol. 2, ej. 2 08/03/2019 Libros de Referencia

Biblioteca FUSBC | Teléfono: (57+4) 349 88 10 Ext. 141| WhatsApp (+57) 3005338115 
E-mail: biblioteca@unisbc.edu.co | Calle 76 87-14 Robledo Palenque, Medellín, Colombia

Con tecnología Koha